Регионална библиотека "Любен Каравелов" - Русе

Юрта (Запис номер 133706)

MARC детайли
000 -Лидер
Контролно поле с фиксирана дължина 01584nam a2200421 c 4500
003 - Код на организацията, давaща контролен номер
Контролно поле BLK
005 - Дата и час на последна редакция
Контролно поле 20240621005331.0
008 - Елементи от данни с фиксирана дължина
fixed length control field 180409b bul|||||r ||||||| ||bul||
010 ## - Наследен системен номер
LC control number KNG00139606000
020 ## - Международен стандартен номер на книга ISBN
Международен стандартен номер на книга ISBN 978-954-09-0609-6
-- издат.: Захарий Стоянов
040 ## - Източник на каталожния запис
Идентификатор на билиотеката - собственик на записа BLK
041 ## - Код за език
Код за езика на текст/звукозапис или на отделно заглавие Български
Код за езика КДБФ Български
072 #7 - Код за тематичната категория
Код организация bullib
Код за тематична категория Н92
Текст История Н
080 ## - УДК
Текстов определител УДК Отделни родове. Фамилии. История на родовете
УДК код - определител по УДК 929.52
УДК определител (497.23-22)
УДК - код + определител 929.52(497.23-22)
100 1# - Редна дума - Автор
Автор Радулска, Руса Господинова
Авторска отговорност първи автор
R(LIN) 114430
139 ## - Редно поле
Редна дума Радулска, Руса Господинова
Авторски знак Раду - Р 18
245 10 - Сведения за заглавието
Заглавие Юрта
Редно поле (дума) Руса Господинова Радулска.
257 ## - Страна на издаване
Страна на създаване/издаване България
260 ## - Област на издателските данни
-- София
Име на издателя, разпространителя и проч. Захарий Стоянов
Година на издаване 2011
Печатница София : Миг принт
300 ## - Физическа характеристика
Страници 176 с., 24 л.
Илюстрации и др. ил., портр.
Размери/Мащаб 22 см
380 ## - Жанр
Жанр История
490 1# - СЕРИИ (Колекции)
Име на серия Поредица Отечество любезно
650 #0 - Допълнително описание по предмет – тема
Основно описание – тема или топоним Родове, български
9 (RLIN) 242498
651 #4 - Допълнително описание по предмет - топоним
Географско понятие България
9 (RLIN) 241624
651 #4 - Допълнително описание по предмет - топоним
Географско понятие Сливенско
9 (RLIN) 179555
651 #4 - Допълнително описание по предмет - топоним
Географско понятие Млекарево
9 (RLIN) 179224
653 ## - Ключова дума – ненормативна
Ключова дума български родове
653 ## - Ключова дума – ненормативна
Ключова дума родословие
653 ## - Ключова дума – ненормативна
Ключова дума Млекарево
653 ## - Ключова дума – ненормативна
Ключова дума Сливенско
659 ## - Тематичен бюлетин
Тематичен бюлетин Н
852 ## - Местоположение
Форматна сигнатура Цб 258341
856 4# - Електронен адрес и достъп
Електронен формат pdf - файл
Път до файла /url/
856 4# - Електронен адрес и достъп
Електронен формат pdf - файл
Път до файла /url/
942 ## - АРТИКУЛИ
Вид на библиотечния материал Книги
Скрит в OPAC Не
944 ## - СЪЗДАВАНЕ И РЕДАКЦИЯ на ЗАПИСА
Създаване/Редакция Създаване
Дата на регистрацията/редакция 15.02.2013
Служител, извършил регистрацията/редакцията
Статус, дата на статуса CRON CRON
944 ## - СЪЗДАВАНЕ И РЕДАКЦИЯ на ЗАПИСА
Създаване/Редакция Редакция
Дата на регистрацията/редакция 07.06.2016
Служител, извършил регистрацията/редакцията Виолета_Тройчева
999 ## - СИСТЕМНИ КОНТРОЛНИ НОМЕРА
Koha biblionumber 133706
Koha biblioitemnumber 133706
Наличности
Код за отписване Код за изгубен артикул Код за повреда Коз за рестрикции Код за отдаване Артикулен № Име на библиотеката - собственик Име на библиотеката, в която се намира в момента Статус (Текущо местоположение) Дата на вписване в системата Местоположение - отдел Цена в лева Инвентарен номер Систематично азбучна сигнатура Баркод Номер на екземпляра Цена в евро Служебна бележка Служебен тип на артикула
  Не е изгубен Не е повреден без рестрикции ползва се в читалня 218156 Регионална библиотека "Любен Каравелов" Русе Регионална библиотека "Любен Каравелов" Русе Хранилище 2013-02-14 Хранилище 9.00 120000763994 Цб 258341 120000763994 1 4.60 Дост: Dp Вид: Д N: 44 Дата: 31.10.2011 Книги
Vip Innovations Ltd, Rousse, Bulgaria 2025